| 000 | 01499nam a2200301 a 4500 | ||
|---|---|---|---|
| 001 | BRCA_2727 | ||
| 005 | 20190320203937.0 | ||
| 008 | 031208s1893----fr-#---###---#000-0dspa-u | ||
| 041 | _aspa | ||
| 044 | _afr | ||
| 084 |
_a221 _b.G376 _c1893 |
||
| 100 | 1 |
_aCervantes Saavedra, Miguel de _d1547-1616 _9213 |
|
| 245 | 1 | 0 |
_aEl Ingenioso Hidalgo Don Quijote de la Mancha _ccompuesto por Miguel de Cervantes Saavedra. |
| 260 |
_aParís _bGarnier hermanos _c[1893] |
||
| 300 |
_axliv, 768 p. _c25 cm. |
||
| 500 | _aContenido : Primera parte. Vida de Cervantes, refundación de la escrita por Aribau. Dedicatoria del autor. Prólogo del autor. Versos preliminares. Texto. Segunda parte. Dedicatoria del autor. prólogo del autor. Texto | ||
| 500 | _aEdición : Edición conforme a la última corregida por la Academia Española con notas para la buena inteligencia del texto | ||
| 500 | _aEdición similar a la mayoría de las publicadas por estos editores, es decir, con la Vide de Cervantes, refundición de la escrita por Aribau, y sin láminas Lúdovik Osterc | ||
| 500 | _aQM211 | ||
| 650 | 1 | 4 |
_aNovela española _yÉpoca clásica, 1500-1700 _9215 |
| 650 | 1 | 4 |
_aLiteratura española _yÉpoca clásica, 1500-1700 _9216 |
| 650 | 1 | 4 |
_aNovela española _ySiglo XVII _9217 |
| 650 | 1 | 4 |
_aDon Quijote (Personaje ficticio) _eNovela _9218 |
| 700 | 1 |
_aBuenaventura, Carlos Aribau _d1798-1862 _eBiógrafo _97708 |
|
| 740 | 0 | _aEl Ingenioso Hidalgo Don Quijote de la Mancha | |
| 902 | _aQFM | ||
| 942 |
_2lcc _cB |
||
| 999 |
_c2467 _d2467 |
||